000 00399nam a22001577a 4500
003 OSt
008 250213b |||||||| |||| 00| 0 eng d
041 _aeng
082 _a028.702
_bPHU / CA
100 _aPhull, DS
_97135
245 _aCareer's General Knowledge Digest
250 _a26th Revised and Enlarged
260 _aDelhi:
_bBright Careers Institute,
_c1997.
300 _a48p.
942 _cBK
999 _c19368
_d19368